| 000 | 01130nac a22002651i 4500 | ||
|---|---|---|---|
| 003 | EG-ScBUE | ||
| 005 | 20231220120738.0 | ||
| 008 | 121212s1970 ua ab f b 000 0 ara d | ||
| 040 |
_aEG-ScBUE _bara _erda _cEG-ScBUE _dEG-ScBUE |
||
| 043 | _af-ua--- | ||
| 082 |
_a962.008691 _bش ر ي _222 |
||
| 100 | 1 |
_aشريف، مصطفى كامل شملول، _eمؤلف. _931648 |
|
| 245 |
_aعروبة مصر من قبائلها / _cتأليف مصطفى كامل شملول الشريف، مدرس التاريخ بالإبراهيمية الثانوية. |
||
| 250 | _aالطبعة الثانية. | ||
| 264 | 1 |
_aالقاهرة : _bالمطبعة العالمية، _c1970. |
|
| 300 |
_a232 صفحة ؛ _bإيضاحيات، خرائط ؛ _c24 سم |
||
| 336 |
_2rdacontent _aنص _btxt |
||
| 337 |
_aبدون وسيط _2rdamedia _bn |
||
| 338 |
_aمجلد _bnc _2rdacarrier |
||
| 504 | _aيشتمل على إرجاعات ببليوجرافية. | ||
| 650 | 7 |
_aالقبائل العربية _zمصر. _2BUEsh _931649 |
|
| 651 | 7 |
_aمصر _xتاريخ _yالعصر الإسلامي. _2BUEsh _931651 |
|
| 655 | _vReading book | ||
| 942 |
_cBB _2ddc |
||
| 999 |
_c7160 _d7160 |
||